[Event "AUTO-ADV-4506"]
[Site "http://www.queenalice.com/game.php?id=1761400"]
[Date "2021.6.5"]
[Round "1"]
[White "rodracena"]
[Black "chessman"]
[Result "1-0"]
[WhiteElo "1862"]
[BlackElo "1904"]

1. d4 d5 2. c4 c6 3. Nc3 Nf6 4. Bg5 e6 5. e3 Be7 6. Nf3 O-O 7. Be2 Re8 8. O-O a6
9. c5 Nbd7 10. Bd3 h6 11. Bh4 Nf8 12. e4 dxe4 13. Bxf6 Bxf6 14. Nxe4 Bxd4 15.
Nxd4 Qxd4 16. Nd6 1-0

[Event "AUTO-ADV-4506"]
[Site "http://www.queenalice.com/game.php?id=1761401"]
[Date "2021.6.5"]
[Round "1"]
[White "chessman"]
[Black "rodracena"]
[Result "0-1"]
[WhiteElo "2055"]
[BlackElo "1909"]

1. e4 c5 2. Nf3 Nc6 3. d4 cxd4 4. Nxd4 Nf6 5. Nc3 d6 6. Be2 e5 7. Ndb5 a6 8. Na3
Be7 9. f3 Be6 10. Bg5 O-O 11. Bxf6 Bxf6 12. Nd5 Nd4 13. Nxf6+ Qxf6 14. O-O Nxe2+
15. Qxe2 d5 16. exd5 Bxd5 17. c4 Bc6 18. b3 Qd6 19. Nc2 Rfe8 20. Rad1 Qc5+ 21.
Kh1 e4 22. fxe4 Rxe4 23. Qf2 Qxf2 24. Rxf2 Rae8 25. Nb4 Re1+ 26. Rf1 Rxf1+ 27.
Rxf1 Re2 28. Nxc6 bxc6 29. Ra1 c5 30. Kg1 f5 31. Kf1 Rb2 32. Kg1 Kf7 33. h3 Kf6
34. Kf1 g5 35. Kg1 a5 36. Kf1 h5 37. Kg1 h4 38. Kf1 Ke5 39. Rd1 g4 40. Rd5+ Kf4
41. Rxc5 Rxa2 42. Rd5 g3 43. Rd1 Rf2+ 44. Kg1 Rb2 45. Rc1 Ke3 46. c5 Kd2 47. Rf1
Rxb3 48. Rxf5 Rb1+ 49. Rf1 Rxf1+ 0-1

[Event "AUTO-ADV-4511"]
[Site "http://www.queenalice.com/game.php?id=1762533"]
[Date "2021.6.18"]
[Round "1"]
[White "rodracena"]
[Black "brettsinclair"]
[Result "1-0"]
[WhiteElo "1912"]
[BlackElo "1783"]

1. c4 Nf6 2. Nc3 g6 3. d4 Bg7 4. e4 d6 5. Nf3 O-O 6. Be2 e6 7. O-O c6 8. Bg5 Qc7
9. h3 Nbd7 10. Qd2 a6 11. Bh6 b6 12. Bxg7 Kxg7 13. Nh4 Bb7 14. f4 e5 15. d5 cxd5
16. cxd5 Qc5+ 17. Kh1 b5 18. f5 gxf5 19. Nxf5+ Kh8 20. Qh6 Rg8 21. Ne7 Rg7 22.
Rxf6 Nxf6 23. Qxf6 b4 24. Nf5 Rg8 25. Nxd6 Qc7 26. Bh5 Rf8 27. Ne2 Kg8 28. Nf5
Rg6 29. Bxg6 fxg6 30. Nh6# 1-0

[Event "AUTO-ADV-4511"]
[Site "http://www.queenalice.com/game.php?id=1762534"]
[Date "2021.6.18"]
[Round "1"]
[White "brettsinclair"]
[Black "rodracena"]
[Result "1-0"]
[WhiteElo "1760"]
[BlackElo "1935"]

1. e4 d5 2. exd5 Qxd5 3. Nc3 Qa5 4. d4 c6 5. h3 Nd7 6. Bd2 Ngf6 7. Bd3 e6 8. Ne4
Qc7 9. Nxf6+ Nxf6 10. Nf3 Be7 11. Qe2 O-O 12. O-O-O a5 13. g4 a4 14. g5 Nd5 15.
c4 Nf4 16. Bxf4 Qxf4+ 17. Kb1 a3 18. b3 Bxg5 19. h4 Bf6 20. Be4 Bd7 21. h5 h6
22. Rdg1 e5 23. dxe5 Be7 24. Rg2 f5 25. Bd3 b5 26. c5 Bxc5 27. Rh4 1-0

[Event "AUTO-ADV-4511"]
[Site "http://www.queenalice.com/game.php?id=1762535"]
[Date "2021.6.18"]
[Round "1"]
[White "rodracena"]
[Black "fabricioprado"]
[Result "0-1"]
[WhiteElo "1918"]
[BlackElo "1776"]

1. e4 c5 2. Nf3 Nc6 3. d4 cxd4 4. Nxd4 d6 5. Nc3 e6 6. Be3 Nf6 7. Be2 Be7 8. Nb3
O-O 9. O-O a6 10. f4 b5 11. a3 Bb7 12. Rf3 h6 13. Qd2 Nh7 14. Raf1 Bf6 15. f5 e5
16. Rg3 Bg5 17. Nd5 f6 18. Rff3 Ne7 19. h4 Bxe3+ 20. Qxe3 Nxd5 21. Qxh6 Rf7 22.
exd5 Bxd5 23. Rd3 Be4 24. Rde3 Bxc2 25. Bh5 Re7 26. Bg6 gxh6 0-1

[Event "AUTO-ADV-4511"]
[Site "http://www.queenalice.com/game.php?id=1762536"]
[Date "2021.6.18"]
[Round "1"]
[White "fabricioprado"]
[Black "rodracena"]
[Result "0-1"]
[WhiteElo "1790"]
[BlackElo "1896"]

1. e4 d5 2. exd5 Qxd5 3. Nc3 Qa5 4. Nf3 c6 5. Be2 Nd7 6. O-O Ngf6 7. d4 e6 8.
Bd2 Be7 9. a3 O-O 10. Ne4 Qc7 11. Ng3 b6 12. c3 Bb7 13. Bd3 Rfd8 14. Qc2 c5 15.
b3 Bxf3 16. gxf3 Rac8 17. dxc5 Nxc5 18. Bc4 Qc6 19. Kg2 b5 20. Be2 Rd7 21. b4
Nb7 22. Rac1 Nd6 23. Qb2 Nc4 24. Bxc4 Qxc4 25. Be3 Nd5 26. Rfd1 Nxe3+ 27. fxe3
Rxd1 28. Rxd1 Qxc3 29. Kf2 Qxb2+ 0-1

[Event "Challenge"]
[Site "http://www.queenalice.com/game.php?id=1764706"]
[Date "2021.7.18"]
[Round "-"]
[White "jpribeiro"]
[Black "rodracena"]
[Result "1/2-1/2"]
[WhiteElo "1802"]
[BlackElo "1923"]

1. e4 d5 2. exd5 Qxd5 3. Nc3 Qa5 4. d4 c6 5. Nf3 Nd7 6. d5 cxd5 7. Qxd5 Qd8 8.
Bb5 Nf6 9. Qd3 a6 10. Bc4 e6 11. a4 Be7 12. O-O O-O 13. Rd1 Nc5 14. Qxd8 Rxd8
15. Rxd8+ Bxd8 16. Be3 Be7 17. Rd1 Kf8 18. h3 Ke8 19. Ne5 Ncd7 20. Nxd7 Bxd7 21.
Kf1 Bb4 22. Na2 Be7 23. Nc3 Bb4 24. Na2 Be7 25. Nc3 Bb4 26. Na2 Be7 27. Nc3 Bb4
1/2-1/2

[Event "Challenge"]
[Site "http://www.queenalice.com/game.php?id=1768717"]
[Date "2021.9.4"]
[Round "-"]
[White "jpribeiro"]
[Black "rodracena"]
[Result "0-1"]
[WhiteElo "2040"]
[BlackElo "1940"]

1. e4 d5 2. exd5 Qxd5 3. Nc3 Qa5 4. d4 c6 5. Bd2 Nd7 6. Nf3 Ngf6 7. Ne4 Qc7 8.
Nxf6+ Nxf6 9. h3 e6 10. Bd3 Be7 11. O-O O-O 12. Ne5 b6 13. c3 Bb7 14. Ng4 Rfd8
15. Nxf6+ Bxf6 16. Qc2 Rac8 17. Bxh7+ Kf8 18. Bd3 c5 19. dxc5 Qxc5 20. Be2 Bxg2
21. Kxg2 Qd5+ 22. Bf3 Qxd2 23. Qxd2 Rxd2 24. Rfd1 Rcd8 25. Rxd2 Rxd2 26. b3 Bxc3
27. Rc1 Bd4 28. Rc8+ Ke7 29. Ra8 Rxf2+ 30. Kg3 Rxa2 31. Kf4 Kf6 32. Rd8 Rb2 33.
Rxd4 Rxb3 34. h4 e5+ 0-1

[Event "Challenge"]
[Site "http://www.queenalice.com/game.php?id=1768718"]
[Date "2021.9.4"]
[Round "-"]
[White "rodracena"]
[Black "jpribeiro"]
[Result "1-0"]
[WhiteElo "1936"]
[BlackElo "1739"]

1. e4 e5 2. Nf3 Nf6 3. Bc4 d6 4. Nc3 Be7 5. O-O O-O 6. d4 exd4 7. Nxd4 c5 8. Nb3
Nc6 9. Bg5 Bg4 10. f3 Bd7 11. Bxf6 Bxf6 12. Qxd6 Be7 13. Qd2 Ne5 14. Bd5 Bc6 15.
Bxc6 Qxd2 16. Nxd2 Nxc6 17. Nd5 Bd6 18. Nc4 Bb8 19. a3 b5 20. Nce3 Bd6 21. Nf5
Be5 22. c3 g6 23. Nfe7+ Nxe7 24. Nxe7+ Kh8 25. f4 Bd6 26. Nd5 f6 27. Rad1 Rad8
28. g3 Kg7 29. Rfe1 Rfe8 30. Kf2 Bb8 31. Kf3 Rd7 32. Ne3 Rxd1 33. Rxd1 Kf7 34.
Rd7+ Re7 35. Rxe7+ Kxe7 36. Nd5+ Kf7 37. h4 Ke6 38. Ne3 h5 39. c4 bxc4 40. Nxc4
Bc7 41. a4 Bb8 42. Na5 Kd7 43. g4 Bc7 44. gxh5 gxh5 45. Nc4 a5 46. b3 Ke6 47.
Ne3 Bd6 48. Nf5 Bf8 49. Ng3 Kf7 50. Nxh5 Ke6 51. Ng3 Be7 52. Kg4 Bf8 53. h5 1-0

[Event "AUTO-ADV-4511"]
[Site "http://www.queenalice.com/game.php?id=1773059"]
[Date "2021.10.24"]
[Round "2"]
[White "Artking"]
[Black "rodracena"]
[Result "0-1"]
[WhiteElo "1970"]
[BlackElo "1918"]

1. e4 d5 2. exd5 Qxd5 3. d4 c6 4. Nf3 Nf6 5. c4 Qa5+ 6. Nc3 Nbd7 7. Bd3 e6 8.
O-O Be7 9. a3 O-O 10. Bd2 Qc7 11. Rc1 b6 12. d5 Bb7 13. Qe2 e5 14. Rfd1 Qd8 15.
Ng5 cxd5 16. cxd5 h6 17. Nge4 Nxe4 18. Bxe4 Nc5 19. Bc2 Bd6 20. Ne4 Nxe4 21.
Bxe4 f5 22. Bd3 Bxd5 23. b4 Bb7 24. Bc4+ Kh8 25. Qh5 Qf6 26. f4 exf4 27. Bc3 Be5
28. Bxe5 Qxe5 29. Re1 Qd4+ 30. Kf1 Be4 31. Qe2 Rae8 32. Qh5 Bd3+ 33. Bxd3 Qxd3+
34. Kf2 Rxe1 35. Rxe1 Qxa3 36. h4 Qxb4 0-1

[Event "AUTO-ADV-4511"]
[Site "http://www.queenalice.com/game.php?id=1773060"]
[Date "2021.10.24"]
[Round "2"]
[White "rodracena"]
[Black "Artking"]
[Result "0-1"]
[WhiteElo "1960"]
[BlackElo "1959"]

1. d4 Nf6 2. c4 g6 3. Nf3 Bg7 4. Nc3 d6 5. e4 c6 6. Bd3 Nbd7 7. O-O e5 8. Bg5
O-O 9. Re1 Qe8 10. Qd2 a6 11. Rad1 Nh5 12. Bh6 f5 13. Bxg7 Kxg7 14. exf5 gxf5
15. Qg5+ Kh8 16. Bxf5 Nf4 17. Qh6 Rxf5 18. Qxd6 Rf6 19. Qb4 Nxg2 20. Kxg2 Qg6+
21. Kh1 Rxf3 22. Rg1 Qf5 23. Qe7 Qf7 24. Qd8+ Nf8 25. Ne4 Rh3 26. Ng5 Rxh2+ 27.
Kxh2 Qh5+ 28. Kg2 Bh3+ 29. Nxh3 Rxd8 30. Kh2 Ng6 31. Rg5 Qxd1 0-1

[Event "AUTO-ADV-4511"]
[Site "http://www.queenalice.com/game.php?id=1773061"]
[Date "2021.10.24"]
[Round "2"]
[White "rich"]
[Black "rodracena"]
[Result "0-1"]
[WhiteElo "1608"]
[BlackElo "1937"]

1. d4 d5 2. c4 c6 3. Nf3 Nf6 4. Nc3 e6 5. Bg5 Be7 6. e3 O-O 7. Bd3 Nbd7 8. O-O
c5 9. Qc2 cxd4 10. exd4 h6 11. Bf4 b6 12. Rfe1 Bb7 13. Rac1 dxc4 14. Bxc4 Bxf3
15. gxf3 Rc8 0-1

[Event "AUTO-ADV-4511"]
[Site "http://www.queenalice.com/game.php?id=1773062"]
[Date "2021.10.24"]
[Round "2"]
[White "rodracena"]
[Black "rich"]
[Result "1-0"]
[WhiteElo "1934"]
[BlackElo "1611"]

1. e4 c5 2. Nf3 Nc6 3. Nc3 d6 4. Bc4 Nf6 5. d4 cxd4 6. Nxd4 Bd7 7. Be3 g6 8. O-O
Bg7 9. f4 Ng4 10. Nxc6 bxc6 11. Qf3 Nxe3 12. Qxe3 O-O 13. Rad1 Bg4 14. Rd2 c5
15. h3 Bd7 16. e5 Qc7 17. e6 fxe6 18. Bxe6+ 1-0

[Event "AUTO-ADV-4506"]
[Site "http://www.queenalice.com/game.php?id=1774621"]
[Date "2021.11.11"]
[Round "2"]
[White "kakocarvalho"]
[Black "rodracena"]
[Result "1-0"]
[WhiteElo "2034"]
[BlackElo "1930"]

1. Nf3 d5 2. g3 Nc6 3. Bg2 Nf6 4. O-O Bg4 5. d3 e6 6. Nbd2 Bd6 7. h3 Bh5 8. g4
Bg6 9. Re1 O-O 10. g5 Nd7 11. h4 f6 12. e4 dxe4 13. dxe4 fxg5 14. Nxg5 Qf6 15.
f3 Qf4 16. Nxe6 Qh2+ 17. Kf1 Rf6 18. Ng5 Qxh4 19. Nc4 Bf4 20. Nh3 Bg3 21. Bg5
Qh5 22. Qxd7 Rxf3+ 23. Kg1 Bxe1 24. Bxf3 Qxf3 25. Rxe1 Qg3+ 26. Kf1 Rf8+ 27. Ke2
Bh5+ 28. Kd2 Rd8 29. Bxd8 1-0

[Event "AUTO-ADV-4506"]
[Site "http://www.queenalice.com/game.php?id=1774622"]
[Date "2021.11.11"]
[Round "2"]
[White "rodracena"]
[Black "kakocarvalho"]
[Result "0-1"]
[WhiteElo "1944"]
[BlackElo "1994"]

1. d4 Nf6 2. c4 g6 3. Nf3 Bg7 4. Nc3 O-O 5. e4 d6 6. Bd3 Nbd7 7. O-O e5 8. Bg5
h6 9. Bh4 g5 10. Bg3 Nh5 11. d5 Nf4 12. Bxf4 exf4 13. Re1 Ne5 14. Nxe5 Bxe5 15.
Qh5 Qf6 16. Rac1 g4 17. f3 Kh7 18. Ne2 gxf3 19. Qxf3 Rg8 20. Kh1 Bg4 21. Qf1 f3
22. Ng3 fxg2+ 23. Kxg2 Qg6 24. Rc2 Bxg3 25. hxg3 Bh3+ 26. Kg1 Bxf1 0-1

[Event "AUTO-MASTER-3095"]
[Site "http://www.queenalice.com/game.php?id=1784128"]
[Date "2022.3.6"]
[Round "1"]
[White "clovis"]
[Black "rodracena"]
[Result "1-0"]
[WhiteElo "2071"]
[BlackElo "1916"]

1. e4 c5 2. Nf3 d6 3. d4 cxd4 4. c3 dxc3 5. Nxc3 a6 6. Bc4 Nf6 7. O-O e6 8. Re1
Be7 9. Bb3 O-O 10. Bf4 Nc6 11. Qd2 Bd7 12. Bxd6 Bxd6 13. Qxd6 Bc8 14. Qxd8 1-0

[Event "AUTO-MASTER-3095"]
[Site "http://www.queenalice.com/game.php?id=1784129"]
[Date "2022.3.6"]
[Round "1"]
[White "rodracena"]
[Black "clovis"]
[Result "0-1"]
[WhiteElo "1906"]
[BlackElo "2081"]

1. d4 d5 2. Nf3 Nf6 3. e3 Bf5 4. Be2 e6 5. O-O Bd6 6. c4 c6 7. Nc3 O-O 8. Bd2
Nbd7 9. Rc1 dxc4 10. Bxc4 e5 11. dxe5 Nxe5 12. Nxe5 Bxe5 13. Qe2 b5 14. Bb3
Bxh2+ 0-1

[Event "AUTO-MASTER-3095"]
[Site "http://www.queenalice.com/game.php?id=1784140"]
[Date "2022.3.6"]
[Round "1"]
[White "Akopian"]
[Black "rodracena"]
[Result "1-0"]
[WhiteElo "2158"]
[BlackElo "1923"]

1. e4 d5 2. exd5 Qxd5 3. d4 c6 4. Nf3 Nd7 5. Nc3 Qa5 6. Bd2 Ngf6 7. Bc4 e6 8.
Nd5 Qd8 9. Nb4 Be7 10. O-O O-O 11. Bb3 Qc7 12. Nd3 b6 13. Re1 Bb7 14. Nfe5 c5
15. Nxd7 Qxd7 16. Ne5 Qxd4 17. Bc3 1-0

[Event "AUTO-MASTER-3095"]
[Site "http://www.queenalice.com/game.php?id=1784141"]
[Date "2022.3.6"]
[Round "1"]
[White "rodracena"]
[Black "Akopian"]
[Result "0-1"]
[WhiteElo "1930"]
[BlackElo "2153"]

1. e4 e5 2. Nf3 Nc6 3. Bb5 d6 4. d4 exd4 5. Nxd4 Bd7 6. O-O Nf6 7. Nc3 a6 8. Be2
Be7 9. Be3 O-O 10. Nb3 Re8 11. f4 Bf8 12. Bd3 Ng4 13. Qf3 g6 14. Rae1 Nxe3 15.
Rxe3 Bg7 16. f5 Ne5 0-1

[Event "AUTO-MASTER-3095"]
[Site "http://www.queenalice.com/game.php?id=1784146"]
[Date "2022.3.6"]
[Round "1"]
[White "dave_j"]
[Black "rodracena"]
[Result "1-0"]
[WhiteElo "2149"]
[BlackElo "1944"]

1. e4 d5 2. exd5 Qxd5 3. Nc3 Qa5 4. Nf3 c6 5. a3 Nd7 6. b4 Qc7 7. Bb2 Ngf6 8.
Bd3 e6 9. h3 Be7 10. Qe2 O-O 11. Ne4 b6 12. Nh2 Bb7 13. Ng4 Nxe4 14. Qxe4 g6 15.
Nh6# 1-0

[Event "AUTO-MASTER-3095"]
[Site "http://www.queenalice.com/game.php?id=1784147"]
[Date "2022.3.6"]
[Round "1"]
[White "rodracena"]
[Black "dave_j"]
[Result "0-1"]
[WhiteElo "1936"]
[BlackElo "2186"]

1. d4 Nf6 2. c4 g6 3. Nf3 Bg7 4. Nc3 d6 5. e3 O-O 6. Be2 c6 7. O-O Bg4 8. Bd2
Nbd7 9. h3 Bxf3 10. Bxf3 Rb8 11. a4 Nb6 12. Be2 e6 13. a5 Nbd7 14. Bf3 d5 15. c5
e5 16. dxe5 Nxe5 0-1